[Event "Villa Ballester op 73rd"]
[Site "Buenos Aires"]
[Date "2024.01.21"]
[Round "4"]
[White "Cisneros, German"]
[Black "Ortega Morales, Javier"]
[Result "0-1"]
[WhiteElo "1915"]
[BlackElo "1769"]
[PlyCount "148"]
[EventDate "2024.01.19"]
[EventType "swiss"]
[EventRounds "9"]
[EventCountry "ARG"]
[SourceTitle "CB06_2024"]
[SourceDate "2024.02.07"]
[SourceVersion "1"]
[SourceVersionDate "2024.02.07"]
[SourceQuality "1"]

1. d4 Nf6 2. Bf4 e6 3. e3 b6 4. Nf3 Bb7 5. Be2 Nh5 6. Bg5 Be7 7. Bxe7 Qxe7 8. 0-0 f5 9. Ne5 Nf6 10. Bf3 Bxf3 11. Qxf3 d5 12. c4 Nbd7 13. cxd5 Nxe5 14. dxe5 Nxd5 15. e4 fxe4 16. Qxe4 0-0 17. Nd2 Rf4 18. Qe2 c5 19. g3 Rff8 20. Ne4 a6 21. Qg4 Rf5 22. f4 b5 23. Qe2 c4 24. a4 Rff8 25. Nd6 bxa4 26. Rxa4 c3 27. Ra3 cxb2 28. Qxb2 Rfb8 29. Qa2 Qa7+ 30. Kg2 Qd4 31. Rf2 Rb6 32. Rd2 Qc5 33. Ra5 Qc6 34. Kh3 Nxf4+ 35. Kg4 Nd5 36. Raxd5 exd5 37. Rxd5 Qd7+ 38. Nf5 Qe6 39. Kh4 Rb4+ 40. g4 Re8 41. Qd2 Qxf5 42. Qxb4 Qf2+ 43. Kg5 h6+ 44. Kh5 Qxh2+ 45. Kg6 Qc2+ 46. Kh5 Kh7 47. Rd2 Rxe5+ 48. Kh4 Qg6 49. Rd6 Qg5+ 50. Kg3 Qe3+ 51. Kg2 Qe2+ 52. Kg1 Re4 53. Qb1 Qxg4+ 54. Kh1 Qf5 55. Qd3 Rh4+ 56. Kg2 Qxd3 57. Rxd3 a5 58. Rd5 a4 59. Ra5 Rb4 60. Ra6 h5 61. Kh2 g6 62. Ra5 Kh6 63. Kg2 Rb2+ 64. Kg1 Ra2 65. Kh1 h4 66. Kg1 g5 67. Rc5 Kh5 68. Rc4 h3 69. Kh1 g4 70. Rc3 Kh4 71. Rc1 a3 72. Kg1 Rg2+ 73. Kh1 a2 74. Ra1 Rb2 0-1

[Event "Buenos Aires Szmetan Giardelli op"]
[Site "Buenos Aires"]
[Date "2018.12.10"]
[Round "7"]
[White "Cisneros, German"]
[Black "Chang, Suzana"]
[Result "0-1"]
[WhiteElo "1888"]
[BlackElo "1991"]
[PlyCount "72"]
[EventDate "2018.12.04"]
[EventType "swiss"]
[EventRounds "9"]
[EventCountry "ARG"]
[SourceTitle "CBM 187 Extra"]
[Source "ChessBase"]
[SourceDate "2018.11.04"]
[SourceVersion "1"]
[SourceVersionDate "2018.11.04"]
[SourceQuality "1"]

1. d4 Nf6 2. Nf3 g6 3. Bf4 Bg7 4. e3 c5 5. c3 b6 6. Be2 0-0 7. h3 Bb7 8. 0-0 d6 9. Nbd2 Nbd7 10. a4 a6 11. Bh2 Qc7 12. Re1 Rfe8 13. Bc4 h6 14. Qb3 Rf8 15. e4 e5 16. Nh4 cxd4 17. cxd4 exd4 18. Nxg6 Nc5 19. Qa2 b5 20. Bf1 Rfe8 21. Rac1 Qb6 22. a5 Qd8 23. e5 Bd5 24. Qa3 fxg6 25. exf6 Qxf6 26. b4 Ne4 27. Nxe4 Bxe4 28. Rc7 Kh7 29. Qb3 d3 30. Rd1 Qd4 31. Bg3 Rac8 32. Rd7 d5 33. Bxd3 Bxd3 34. Rxd3 Re1+ 35. Kh2 Rcc1 36. Bd6 Qxf2 0-1

[Event "Villa Martelli ProAm op 24th"]
[Site "Villa Martelli"]
[Date "2017.10.05"]
[Round "6"]
[White "Cisneros, German"]
[Black "Salvatti, Diego"]
[Result "1/2-1/2"]
[WhiteElo "1979"]
[BlackElo "2027"]
[PlyCount "89"]
[EventDate "2017.10.01"]
[EventType "swiss"]
[EventRounds "9"]
[EventCountry "ARG"]
[SourceTitle "CBM 181 Extra"]
[Source "ChessBase"]
[SourceDate "2017.12.12"]
[SourceVersion "1"]
[SourceVersionDate "2017.12.12"]
[SourceQuality "1"]

1. e4 e6 2. d4 d5 3. Bd3 dxe4 4. Bxe4 Nf6 5. Bf3 Be7 6. Ne2 0-0 7. 0-0 c5 8. Be3 Nd5 9. Bxd5 Qxd5 10. dxc5 Qxd1 11. Rxd1 Na6 12. a3 Nxc5 13. b4 Ne4 14. Nd2 Nxd2 15. Rxd2 a5 16. b5 Rd8 17. Rad1 Rxd2 18. Rxd2 Kf8 19. a4 Ke8 20. c4 Bb4 21. Rd3 Bd7 22. Bd4 f6 23. Rd1 e5 24. Be3 Rc8 25. Rc1 Be6 26. c5 Bb3 27. Nc3 f5 28. g3 g5 29. Bxg5 Rxc5 30. Bd2 Kd7 31. Kg2 Ke6 32. Kf3 b6 33. g4 fxg4+ 34. Kxg4 Bxc3 35. Rxc3 Rxc3 36. Bxc3 Bxa4 37. f4 exf4 38. Bd4 Bxb5 39. Bxb6 a4 40. Kxf4 Kd5 41. Ke3 Kc4 42. Kd2 Kb3 43. Kc1 Bd3 44. Bd4 a3 45. Be5 1/2-1/2

[Event "Villa Martelli ProAm op 24th"]
[Site "Villa Martelli"]
[Date "2017.10.03"]
[Round "4"]
[White "Gomez Martinez, Juan Carlos"]
[Black "Cisneros, German"]
[Result "0-1"]
[WhiteElo "1643"]
[BlackElo "1979"]
[PlyCount "86"]
[EventDate "2017.10.01"]
[EventType "swiss"]
[EventRounds "9"]
[EventCountry "ARG"]
[SourceTitle "CBM 181 Extra"]
[Source "ChessBase"]
[SourceDate "2017.12.12"]
[SourceVersion "1"]
[SourceVersionDate "2017.12.12"]
[SourceQuality "1"]

1. e4 c5 2. d4 cxd4 3. c3 d5 4. Qxd4 Nc6 5. Qxd5 Qc7 6. Nf3 Nf6 7. Qc4 e5 8. h3 Be6 9. Qa4 Bc5 10. Bb5 0-0 11. 0-0 Ne7 12. Bg5 Nh5 13. Re1 Ng6 14. Be3 Ngf4 15. Bf1 Qc8 16. Bxc5 Qxc5 17. Qb5 Qc8 18. Ng5 Bd7 19. Qc4 Qd8 20. Nf3 Qf6 21. Re3 Rac8 22. Qb3 Rfe8 23. Kh2 Qh6 24. Nbd2 g5 25. Nc4 g4 26. Nfxe5 Be6 27. Qc2 Nxg2 28. Kxg2 g3 29. Ng4 Bxg4 30. hxg4 Nf4+ 31. Kxg3 b5 32. Nd2 Ng6 33. Kf3 Qf4+ 34. Ke2 Qxg4+ 35. Ke1 Rcd8 36. Qd1 Qf4 37. Qf3 Qc7 38. Bxb5 Re5 39. Qg3 Qb8 40. Bc4 Rxd2 41. Qf3 Re7 42. Kxd2 Qxb2+ 43. Kd3 Ne5+ 0-1

[Event "ARG-ch sf"]
[Site "Vicente Lopez"]
[Date "2016.06.28"]
[Round "5"]
[White "Palu, Andres"]
[Black "Cisneros, German"]
[Result "0-1"]
[WhiteElo "2152"]
[BlackElo "2034"]
[PlyCount "86"]
[EventDate "2016.06.25"]
[EventType "swiss"]
[EventRounds "9"]
[EventCountry "ARG"]
[SourceTitle "CBM 173 Extra"]
[Source "ChessBase"]
[SourceDate "2016.08.29"]
[SourceVersion "1"]
[SourceVersionDate "2016.08.29"]
[SourceQuality "1"]

1. e4 c5 2. Nf3 d6 3. d4 cxd4 4. Nxd4 Nf6 5. Nc3 a6 6. h3 e6 7. g4 Nbd7 8. Bg2 Be7 9. Be3 b5 10. Qd2 Bb7 11. 0-0-0 Ne5 12. Kb1 Nc4 13. Qe2 Nxe3 14. Qxe3 Nd7 15. f4 b4 16. Nce2 Qb6 17. Qd2 Nc5 18. Ng3 0-0 19. g5 Na4 20. Nb3 Rfc8 21. Rhf1 a5 22. f5 Ba6 23. Rf3 Bc4 24. f6 Bf8 25. Bf1 d5 26. Qd4 Qc7 27. Qf2 Qe5 28. Qd4 Qxg5 29. e5 Bxb3 30. axb3 Bc5 31. Qg4 Qxg4 32. hxg4 Nb6 33. fxg7 Nd7 34. Nh5 Nxe5 35. Rg3 a4 36. g5 axb3 37. Rxb3 Be7 38. Be2 Bxg5 39. Rxb4 Ra7 40. c3 h6 41. Kc2 Nc6 42. Rb5 Ra4 43. Rf1 Nd4+ 0-1

[Event "Buenos Aires 2000+ op"]
[Site "Buenos Aires"]
[Date "2016.05.19"]
[Round "9.3"]
[White "Meza, Anahi Silvina"]
[Black "Cisneros, German"]
[Result "0-1"]
[WhiteElo "2042"]
[BlackElo "1989"]
[PlyCount "132"]
[EventDate "2016.05.02"]
[EventType "swiss"]
[EventRounds "9"]
[EventCountry "ARG"]
[SourceTitle "EXT 2024"]
[Source "ChessBase"]
[SourceDate "2023.10.10"]
[SourceVersion "1"]
[SourceVersionDate "2023.10.10"]
[SourceQuality "1"]

1. d4 d5 2. c4 e5 3. dxe5 d4 4. Nf3 Nc6 5. a3 Nge7 6. g3 Ng6 7. Bg2 Be7 8. 0-0 0-0 9. Qc2 Ngxe5 10. Rd1 d3 11. Qd2 Nxf3+ 12. exf3 Be6 13. b3 Bf6 14. Bb2 Na5 15. Qxa5 Bxb2 16. Ra2 Bf6 17. Qd2 b5 18. Qf4 bxc4 19. bxc4 Rb8 20. Nd2 Bg5 21. Qe4 Re8 22. Qc6 Bd7 23. Qc5 Ba4 24. Rc1 Re2 25. f4 Bf6 26. Qa5 Bb3 27. Raa1 Bxa1 28. Rxa1 Qd4 29. Rf1 Qb6 30. Qc3 Bc2 31. Bf3 Qb2 32. Qxb2 Rxb2 33. Bxe2 dxe2 34. Re1 Bd3 35. Nf3 Bxc4 36. Ne5 Bb5 37. f3 f6 38. Ng4 Ra2 39. Kf2 Rxa3 40. Ne3 a5 41. Nf5 Ra2 42. Nd4 Ba6 43. Rc1 Rd2 44. Rc6 Rxd4 45. Rxa6 Rd2 46. Rxa5 Rc2 47. h4 Kf7 48. f5 Ke7 49. Ra8 Rd2 50. Rc8 Rc2 51. Rg8 Kf7 52. Rd8 c5 53. Rd7+ Kf8 54. Rd8+ Ke7 55. Rg8 c4 56. Rxg7+ Kd6 57. Rxh7 c3 58. Rh8 Ra2 59. Rc8 c2 60. h5 Ra1 61. Kxe2 c1Q 62. Rxc1 Rxc1 63. f4 Kd5 64. g4 Ke4 65. g5 fxg5 66. fxg5 Kxf5 0-1

[Event "Buenos Aires 2000+ op"]
[Site "Buenos Aires"]
[Date "2016.05.18"]
[Round "8.2"]
[White "Cisneros, German"]
[Black "Nejanky, Maisa"]
[Result "1/2-1/2"]
[WhiteElo "1989"]
[BlackElo "2062"]
[PlyCount "132"]
[EventDate "2016.05.02"]
[EventType "swiss"]
[EventRounds "9"]
[EventCountry "ARG"]
[SourceTitle "EXT 2024"]
[Source "ChessBase"]
[SourceDate "2023.10.10"]
[SourceVersion "1"]
[SourceVersionDate "2023.10.10"]
[SourceQuality "1"]

1. e4 c5 2. Nf3 d6 3. d4 cxd4 4. Nxd4 Nf6 5. Nc3 Nc6 6. Bg5 e6 7. Nxc6 bxc6 8. e5 Qa5 9. Bb5 cxb5 10. exf6 gxf6 11. Bxf6 Rg8 12. 0-0 Bb7 13. f3 b4 14. Ne4 d5 15. Ng3 Bc5+ 16. Bd4 Qb6 17. Ne2 Ba6 18. Bxc5 Qxc5+ 19. Rf2 Rc8 20. Rc1 Qe3 21. Ng3 Rc4 22. Nf1 Qc5 23. c3 bxc3 24. bxc3 Ke7 25. Qe1 d4 26. Kh1 Rxc3 27. Rb1 Rc8 28. Rd2 Rc1 29. Rxc1 Qxc1 30. Rd1 Qc3 31. Qh4+ Ke8 32. Qxh7 d3 33. Qe4 Qc4 34. Qe5 Qc2 35. Ne3 Qe2 36. Qh8+ Ke7 37. Qh4+ f6 38. Qe4 Rc4 39. Qh7+ Ke8 40. Qg6+ Ke7 41. Qxd3 Qxd3 42. Rxd3 Rc1+ 43. Rd1 Rc3 44. Re1 Kf7 45. h4 Ra3 46. h5 Rxa2 47. Ng4 Bd3 48. Rd1 Ra3 49. Nf2 Bf5 50. Rd7+ Kg8 51. Kh2 a5 52. Kg3 e5 53. Ra7 Ra2 54. h6 a4 55. Nd1 Ra3 56. Rg7+ Kf8 57. Nf2 Ra1 58. Ng4 Bxg4 59. Rxg4 Rh1 60. Rxa4 Rxh6 61. Ra7 Rg6+ 62. Kf2 Rg5 63. g4 e4 64. Ke3 exf3 65. Kxf3 Re5 66. Kf4 Rb5 1/2-1/2

[Event "Buenos Aires 2000+ op"]
[Site "Buenos Aires"]
[Date "2016.05.16"]
[Round "7.1"]
[White "Cisneros, German"]
[Black "Carraro, Denise"]
[Result "1/2-1/2"]
[WhiteElo "1989"]
[BlackElo "2106"]
[PlyCount "167"]
[EventDate "2016.05.02"]
[EventType "swiss"]
[EventRounds "9"]
[EventCountry "ARG"]
[SourceTitle "EXT 2024"]
[Source "ChessBase"]
[SourceDate "2023.10.10"]
[SourceVersion "1"]
[SourceVersionDate "2023.10.10"]
[SourceQuality "1"]

1. d4 e6 2. Nf3 Nf6 3. Bf4 b6 4. e3 Bb7 5. Bd3 Be7 6. h3 c5 7. c3 Nc6 8. 0-0 0-0 9. Nbd2 Rc8 10. Qe2 d6 11. Bh2 cxd4 12. exd4 Re8 13. Rfe1 Bf8 14. a4 g6 15. Bb5 Bg7 16. Nc4 Bf8 17. a5 bxa5 18. Nfd2 Nd7 19. Nxd6 Bxd6 20. Bxd6 Qb6 21. Bf4 e5 22. Bh6 Nf6 23. Ne4 Nxe4 24. d5 Nd6 25. dxc6 Bxc6 26. Bxc6 Rxc6 27. Be3 Qc7 28. Red1 Nc4 29. Bh6 Rb6 30. Bc1 Reb8 31. Rd5 Qc6 32. Qd3 Nxb2 33. Bxb2 Rxb2 34. Raxa5 Qf6 35. Qe3 Rxf2 36. Rab5 Rf1+ 37. Kh2 Rxb5 38. Rxb5 Qf4+ 39. Qxf4 exf4 40. Rb7 f3 41. Rxa7 Rc1 42. gxf3 Rxc3 43. Kg3 Kg7 44. Rb7 g5 45. Rb4 h5 46. Ra4 Kg6 47. Ra6+ f6 48. Ra5 h4+ 49. Kf2 Rc2+ 50. Kg1 Re2 51. Rb5 Re5 52. Rb4 Kf5 53. Kf2 Rc5 54. Ra4 Ke5 55. Re4+ Kd5 56. Re8 Rc2+ 57. Kg1 f5 58. Re7 Kd4 59. Re6 Rc5 60. Kf2 f4 61. Rd6+ Rd5 62. Ra6 Rc5 63. Rd6+ Kc3 64. Rd7 Kc2 65. Rd6 Kc1 66. Rg6 Rc2+ 67. Kg1 Kd2 68. Re6 Kd3 69. Re5 Rd2 70. Rxg5 Ke3 71. Rg4 Kxf3 72. Rxh4 Rg2+ 73. Kf1 Rb2 74. Kg1 Ke3 75. Rh7 Rb1+ 76. Kh2 f3 77. Re7+ Kf2 78. Ra7 Rb2 79. Ra1 Ke2 80. Kg3 Rb3 81. Ra2+ Ke3 82. h4 Rb8 83. Ra3+ Ke2 84. Ra2+ 1/2-1/2

[Event "Buenos Aires 2000+ op"]
[Site "Buenos Aires"]
[Date "2016.05.02"]
[Round "1.1"]
[White "Cisneros, German"]
[Black "Ruperez, Miguel Angel"]
[Result "0-1"]
[WhiteElo "1989"]
[BlackElo "2215"]
[PlyCount "92"]
[EventDate "2016.05.02"]
[EventType "swiss"]
[EventRounds "9"]
[EventCountry "ARG"]
[SourceTitle "EXT 2024"]
[Source "ChessBase"]
[SourceDate "2023.10.10"]
[SourceVersion "1"]
[SourceVersionDate "2023.10.10"]
[SourceQuality "1"]

1. d4 Nf6 2. Nf3 e6 3. Bf4 d5 4. e3 c5 5. c3 Nc6 6. Bd3 Bd6 7. Bg3 0-0 8. Nbd2 b6 9. Ne5 Bb7 10. 0-0 Ne7 11. f4 Nf5 12. Qf3 Be7 13. Ng4 Nxg4 14. Qxg4 Nxe3 15. Qh3 g6 16. f5 Nxf5 17. Bxf5 exf5 18. Nf3 Bf6 19. Bh4 Bc8 20. Bxf6 Qxf6 21. Rae1 Be6 22. Qh6 Qg7 23. Qh4 Rae8 24. dxc5 bxc5 25. Qa4 f6 26. Qc6 Qd7 27. Qxc5 Qb7 28. Qf2 Bd7 29. Nd4 Re4 30. Nb3 Bb5 31. Nc5 Qf7 32. Qg3 Bxf1 33. Nxe4 dxe4 34. Rxf1 Qxa2 35. b4 Qe6 36. Qc7 Qb6+ 37. Qxb6 axb6 38. Rd1 Rc8 39. Rd6 Kf7 40. Rxb6 Rxc3 41. Rb7+ Ke6 42. Rxh7 Rb3 43. h4 Rxb4 44. Rg7 e3 45. Rxg6 Rb1+ 46. Kh2 e2 0-1

[Event "Latin Cup-A 6th"]
[Site "Buenos Aires"]
[Date "2015.03.23"]
[Round "7"]
[White "Cisneros, German"]
[Black "Fuentes, Diego"]
[Result "1-0"]
[WhiteElo "1981"]
[BlackElo "1570"]
[PlyCount "60"]
[EventDate "2015.03.19"]
[EventType "swiss"]
[EventRounds "9"]
[EventCountry "ARG"]
[SourceTitle "CBM 165 Extra"]
[Source "ChessBase"]
[SourceDate "2015.04.21"]
[SourceVersion "1"]
[SourceVersionDate "2015.04.21"]
[SourceQuality "1"]

1. d4 d5 2. Nf3 Nf6 3. c4 e6 4. Nc3 c6 5. Bg5 Nbd7 6. e3 Qa5 7. Nd2 Bb4 8. Qc2 Ne4 9. Ndxe4 dxe4 10. Bf4 Bxc3+ 11. bxc3 0-0 12. Be2 f5 13. Bd6 Rf7 14. 0-0 Qd8 15. c5 Nf6 16. c4 Ne8 17. Be5 Nf6 18. Rad1 Rd7 19. f3 exf3 20. Bxf3 Rf7 21. e4 g6 22. d5 Qa5 23. dxc6 bxc6 24. exf5 Qxc5+ 25. Bd4 Qxf5 26. Qc3 Ne4 27. Qe3 Nd6 28. Bxc6 Nxc4 29. Qc3 Qg4 30. Bxa8 Bb7 1-0

[Event "Latin Cup-A 6th"]
[Site "Buenos Aires"]
[Date "2015.03.19"]
[Round "1"]
[White "Cisneros, German"]
[Black "Rios, Cristhian Camilo"]
[Result "0-1"]
[WhiteElo "1981"]
[BlackElo "2415"]
[PlyCount "82"]
[EventDate "2015.03.19"]
[EventType "swiss"]
[EventRounds "9"]
[EventCountry "ARG"]
[SourceTitle "CBM 165 Extra"]
[Source "ChessBase"]
[SourceDate "2015.04.21"]
[SourceVersion "1"]
[SourceVersionDate "2015.04.21"]
[SourceQuality "1"]

1. e4 c5 2. Nf3 e6 3. d3 d5 4. Nbd2 Nc6 5. g3 Bd6 6. Bg2 Nge7 7. 0-0 0-0 8. c3 b6 9. Re1 Qc7 10. Nf1 Ba6 11. exd5 exd5 12. d4 Rad8 13. Bg5 h6 14. Bh4 f6 15. g4 Ng6 16. Ng3 Bc8 17. Nf5 Bf4 18. Bg3 cxd4 19. N3xd4 Nce5 20. Nb5 Qc5 21. Nbd6 Rxd6 22. Nxd6 Qxd6 23. Qxd5+ Qxd5 24. Bxd5+ Kh8 25. Re4 Bxg3 26. hxg3 Bxg4 27. f4 Nd7 28. Rae1 h5 29. Re8 Kh7 30. b4 h4 31. Kf2 h3 32. a4 f5 33. Rxf8 Ngxf8 34. c4 Nf6 35. a5 bxa5 36. bxa5 N8d7 37. Re7 Nxd5 38. cxd5 Nf6 39. Rxa7 Bd1 40. g4 Nxg4+ 41. Kg3 h2 0-1

[Event "Buenos Aires U2200 1st"]
[Site "Buenos Aires"]
[Date "2015.02.15"]
[Round "4.8"]
[White "Rasgido, Alejandro"]
[Black "Cisneros, German"]
[Result "1/2-1/2"]
[WhiteElo "2047"]
[BlackElo "1967"]
[PlyCount "29"]
[EventDate "2015.02.14"]
[EventType "swiss"]
[EventRounds "7"]
[EventCountry "ARG"]
[SourceTitle "EXT 2024"]
[Source "ChessBase"]
[SourceDate "2023.10.10"]
[SourceVersion "1"]
[SourceVersionDate "2023.10.10"]
[SourceQuality "1"]

1. d4 Nf6 2. Bg5 d5 3. e3 e6 4. Nf3 Be7 5. Bd3 Nbd7 6. Nbd2 0-0 7. 0-0 c5 8. c3 b6 9. Ne5 Nxe5 10. dxe5 Nd7 11. Bxe7 Qxe7 12. f4 f6 13. exf6 Qxf6 14. Nf3 a6 15. Qc2 1/2-1/2

[Event "Buenos Aires U2200 1st"]
[Site "Buenos Aires"]
[Date "2015.02.14"]
[Round "2.4"]
[White "Lagar, Valentin Alejo"]
[Black "Cisneros, German"]
[Result "1-0"]
[WhiteElo "2122"]
[BlackElo "1967"]
[PlyCount "57"]
[EventDate "2015.02.14"]
[EventType "swiss"]
[EventRounds "7"]
[EventCountry "ARG"]
[SourceTitle "EXT 2024"]
[Source "ChessBase"]
[SourceDate "2023.10.10"]
[SourceVersion "1"]
[SourceVersionDate "2023.10.10"]
[SourceQuality "1"]

1. e4 c5 2. Nf3 d6 3. d4 cxd4 4. Nxd4 Nf6 5. Nc3 a6 6. Be2 e6 7. 0-0 Be7 8. f4 Qc7 9. Kh1 Nbd7 10. Bf3 0-0 11. Qe1 Re8 12. Bd2 Qb6 13. Nb3 Nc5 14. Be3 Qc7 15. Nxc5 dxc5 16. e5 Nd7 17. Qg3 f5 18. Qh3 Nb6 19. g4 Bd7 20. gxf5 exf5 21. Nd5 Nxd5 22. Bxd5+ Kh8 23. c4 Bf8 24. Rad1 Rac8 25. Rd3 b5 26. b3 bxc4 27. bxc4 Rb8 28. Bd2 Rb2 29. Qxh7+ 1-0

[Event "Paraguay Gran Prix U2300 05"]
[Site "Paraguay"]
[Date "2013.06.12"]
[Round "9.2"]
[White "Cisneros, German"]
[Black "Leon, Juan Carlos"]
[Result "0-1"]
[WhiteElo "1931"]
[BlackElo "2260"]
[PlyCount "60"]
[EventDate "2013.05.22"]
[EventType "swiss"]
[EventRounds "9"]
[EventCountry "ARG"]
[SourceTitle "EXT 2024"]
[Source "ChessBase"]
[SourceDate "2023.10.10"]
[SourceVersion "1"]
[SourceVersionDate "2023.10.10"]
[SourceQuality "1"]

1. e4 e6 2. d3 d5 3. Nd2 Nf6 4. Ngf3 Nc6 5. g3 dxe4 6. dxe4 e5 7. Bc4 Bc5 8. h3 0-0 9. Qe2 a5 10. Nb3 Bd6 11. Be3 a4 12. Nbd2 a3 13. b3 Nb4 14. Bd3 b6 15. Nc4 Re8 16. Nxd6 Qxd6 17. Rd1 Qe7 18. Bb5 c6 19. c3 cxb5 20. cxb4 Nxe4 21. Qd3 Bf5 22. g4 Bg6 23. Qd7 Qxb4+ 24. Kf1 Nc5 25. Qd6 Qe4 26. Kg2 h5 27. g5 Nd3 28. Qxb6 Rab8 29. Qa7 h4 30. Rd2 Bh5 0-1

[Event "Buenos Aires Duchamp Memorial op 4th"]
[Site "Buenos Aires"]
[Date "2012.10.30"]
[Round "8"]
[White "Cisneros, German"]
[Black "Gimenez, Santiago"]
[Result "1/2-1/2"]
[WhiteElo "1909"]
[BlackElo "2260"]
[PlyCount "89"]
[EventDate "2012.10.22"]
[EventType "swiss"]
[EventRounds "9"]
[EventCountry "ARG"]
[SourceTitle "EXT 2013"]
[Source "ChessBase"]
[SourceDate "2012.11.22"]
[SourceVersion "1"]
[SourceVersionDate "2012.11.22"]
[SourceQuality "1"]

1. e4 c5 2. Nf3 d6 3. d4 cxd4 4. Nxd4 Nf6 5. Nc3 a6 6. Bg5 e6 7. f4 Be7 8. Qf3 Qc7 9. 0-0-0 Nbd7 10. g4 h6 11. Bxf6 Bxf6 12. h4 g5 13. hxg5 hxg5 14. Rxh8+ Bxh8 15. f5 Bxd4 16. Rxd4 Qc5 17. Rd1 Kd8 18. fxe6 fxe6 19. Qf7 Ne5 20. Qf8+ Kc7 21. Be2 Rb8 22. Kb1 Bd7 23. Qe7 b5 24. Bf1 Nc6 25. Qg7 Qe5 26. Qf7 Rh8 27. Bd3 Rh4 28. Qf8 Qh8 29. Qf1 Ne5 30. Qf2 Qb8 31. Qd2 Rxg4 32. Be2 Rg2 33. Qxd6+ Kb7 34. Qe7 Qc7 35. Bf1 Rg3 36. a4 bxa4 37. Nxa4 Bxa4 38. Bxa6+ Kb6 39. Qb4+ Kxa6 40. Qxa4+ Kb7 41. Qb5+ Kc8 42. Qe8+ Kb7 43. Qb5+ Kc8 44. Qe8+ Kb7 45. Qb5+ 1/2-1/2

[Event "Buenos Aires Duchamp Memorial op 4th"]
[Site "Buenos Aires"]
[Date "2012.10.22"]
[Round "1"]
[White "Tokman, Ariel"]
[Black "Cisneros, German"]
[Result "1-0"]
[WhiteElo "2283"]
[BlackElo "1909"]
[PlyCount "69"]
[EventDate "2012.10.22"]
[EventType "swiss"]
[EventRounds "9"]
[EventCountry "ARG"]
[SourceTitle "EXT 2013"]
[Source "ChessBase"]
[SourceDate "2012.11.22"]
[SourceVersion "1"]
[SourceVersionDate "2012.11.22"]
[SourceQuality "1"]

1. c4 Nf6 2. Nc3 e5 3. g3 d5 4. cxd5 Nxd5 5. Bg2 Nb6 6. Nf3 Nc6 7. a3 Be6 8. b4 a6 9. 0-0 Be7 10. d3 0-0 11. Bb2 f5 12. Qc2 Nd4 13. Nxd4 exd4 14. Nb1 c6 15. Nd2 Bf6 16. Rfc1 Bd5 17. Bxd5+ Qxd5 18. Qb3 Rae8 19. Kf1 Rf7 20. Qxd5 Nxd5 21. Nf3 f4 22. g4 Nc3 23. Bxc3 dxc3 24. g5 Be5 25. d4 Bc7 26. Rxc3 Rfe7 27. Ra2 Bb6 28. Rd2 Rd8 29. h4 Rd5 30. Rcd3 Re4 31. Kg2 Kf7 32. Ne5+ Ke6 33. Nc4 Bxd4 34. f3 Re3 35. Rxd4 1-0